00450nam a2200181Ia 4500008004100000020001400041245002600055245005000081260001500131260001600146260000900162300001400171300002500185300001000210440002100220500000800241999001900249170705s9999 xx 000 0 und d a590897535 4aThe patchwork quilt / cValerie Flournoy ; pictures by Jerry Pinkney. aNew York : bScholastic, c1985 aunpaged : bcolor illustration ; c27cm. aReading rainbow. a520 c336057d336057